000 01076nam a2200229 a 4500
001 000041666
005 20201002035708.0
008 130725s2000 sp a 001 0 spa d
020 _a8400079078
040 _aDO-SdBNP
_bspa
_cBNPHU
111 2 _aSimposio de la sociedad española de ecología terrestre
_c(Granada
_d2000 : 11-13 feb. )
_968457
245 1 0 _aEcosistemas mediterráneos :
_banálisis funcional : Simposio de la Sociedad Española de Ecología Terrestre celebrado en Granada del 11 al 13 de Febrero, 2000 /
_ceditado por Regino Zamora Rodríguez, Francisco Ignacio Pugnaire de Iraola.
260 _aMadrid :
_bConsejo Superior de Investigaciones Científicas.,
_c2000.
300 _a463 p. :
_bil., mapas ;
_c22 cm.
490 1 _aTextos universitarios
_v32
500 _aIncluye índice
504 _aBibliografía :
700 1 _aZamora Rodríguez, Regino,
_eed.
_968458
700 1 _aPugnaire de Iraola, Francisco Ignacio
_eed.
_968459
710 2 _aConsejo Superior de Investigaciones Científicas(España)
_967719
830 0 _aTextos universitarios
_v32
_91147
999 _c41156
_d41156